Analyzing the experiences of female leaders in civil service in Kazakhstan: trapped between economic pressure to earn and traditional family role expectations (Record no. 509523)

000 -LEADER
fixed length control field 01321nam a2200169 4500
008 - FIXED-LENGTH DATA ELEMENTS--GENERAL INFORMATION
fixed length control field 190513b ||||| |||| 00| 0 eng d
100 ## - MAIN ENTRY--PERSONAL NAME
Personal name Kuzhabekova, Aliya
245 ## - TITLE STATEMENT
Title Analyzing the experiences of female leaders in civil service in Kazakhstan: trapped between economic pressure to earn and traditional family role expectations
260 ## - PUBLICATION, DISTRIBUTION, ETC. (IMPRINT)
Date of publication, distribution, etc 2018
300 ## - PHYSICAL DESCRIPTION
Extent p.1290-1301.
520 ## - SUMMARY, ETC.
Summary, etc This paper analyzes the experiences of female leaders in civil service in a rapidly changing political, socio-cultural, and economic context of Kazakhstan. The research presents an analysis of the views of female managers on advantages and disadvantages of having women-leaders in civil service; on challenges and opportunities they are facing; on strategies they use to advance to and succeed in leadership positions. The important finding of this research is that female leaders in Kazakhstan are challenged with a clash of western, neo-liberal values and traditional expectations of women in the society. The analysis is based on primary data with women holding managerial positions in civil service. - Reproduced.
700 ## - ADDED ENTRY--PERSONAL NAME
Personal name Janenova, Saltanat
9 (RLIN) 5458
700 ## - ADDED ENTRY--PERSONAL NAME
Personal name Almukhambetova, Ainur
9 (RLIN) 5459
773 ## - HOST ITEM ENTRY
Main entry heading International Journal of Public Administration
906 ## - LOCAL DATA ELEMENT F, LDF (RLIN)
Subject DIP Women in civil service
942 ## - ADDED ENTRY ELEMENTS (KOHA)
Source of classification or shelving scheme
Item type Articles
Holdings
Withdrawn status Lost status Source of classification or shelving scheme Damaged status Not for loan Permanent location Current location Date acquired Serial Enumeration / chronology Barcode Date last seen Koha item type
          Indian Institute of Public Administration Indian Institute of Public Administration 2019-05-13 41(15), Nov, 2018: p.1290-1301. AR119683 2019-05-13 Articles

Powered by Koha